Представление документа в формате MARC21

Поле Инд. ПП Название Значение
Тип записи a
Библиографический уровень m
001 Контрольный номер 7f741b91-6b29-44ec-b48d-c74d94ef345a
005 Дата корректировки 20140226180808.2
008 Кодируемые данные 960426 d
020 c Цена, тираж 0-35
080 a Индекс УДК 514.742.4(075.8)
084 a Индекс другой классификации/Индекс ББК В151.51я731-1
090 x Авторский знак К78
a Полочн. индекс 517.7
100 1_ a Автор Краснов Михаил Леонтьевич
245 1_ a Заглавие Векторный анализ
b Продолж. заглавия [Учеб. пособие для втузов]
c Ответственность М. Л. Краснов, А. И. Киселев, Г. И. Макаренко
260 0_ a Место издания Москва
b Издательство Наука
c Дата издания 1978
300 a Объем 159 с.
b Иллюстрации/ тип воспроизводства ил.
440 a Серия Избр. главы высш. математики для инженеров и студентов втузов. Задачи и упражнения.
504 a Библиография Библиогр.: с.159.
650 a Основная рубрика Векторный анализ
x Основная подрубрика Учебники для вузов
653 a Ключевые слова Векторный анализ
a Ключевые слова Учебники
700 1_ a Другие авторы Киселев Александр Иванович
e Роль лиц авт.
700 1_ a Другие авторы Макаренко Григорий Иванович
e Роль лиц авт.
852 t Порядковый номер экземпляра 25
p Инвентарный номер 447440
p Инвентарный номер 447441
p Инвентарный номер 2084 - 23 экз.
930 a Новая/Ретро учебники
954 a Дата поступления на обработку 20011005
999 a Подразделение 2 Фил3